000 00470nam a2200181Ia 4500
005 20250423101224.0
008 250422s9999 xx 000 0 und d
020 _a0-201-54330-3
050 _aQA 76.73.C153 .S79/
100 _aBjarne Stroustrup
245 4 _aThe Design and Evolution of C++
260 _aNew York
260 _bAddison-Wesley Publishing Company
260 _c1994
300 _a461 p
650 _aThe Design and Evolution of C++
942 _cBK
999 _c35660
_d35660